تحميل...

Balsakkum Chinayile kochuthayyalkkariyum /

التفاصيل البيبلوغرافية
المؤلف الرئيسي: Sijie, Dai
اللغة:Undetermined
منشور في: Thrissur : Green Books , 2007.
الموضوعات:
LEADER 00767nam a2200181Ia 4500
001 159154
008 170722s9999 xx 000 0 und d
020 |a 8184230591 
100 |a Sijie, Dai 
245 |a Balsakkum Chinayile kochuthayyalkkariyum / 
260 |a Thrissur :  |b Green Books ,  |c 2007. 
300 |a 179p 
653 |a Chinese Fiction 
923 |d 20081025  |n 2238 
942 |c GEN 
999 |c 138198  |d 138198 
952 |0 0  |1 0  |4 0  |6 O_413N54B_32_000000000000000_POKRP01  |7 0  |9 195338  |a LIB  |b LIB  |d 2013-03-25  |e Mathrubhumi Books  |o O41,3N54,B 32 PO(KR)-P0;1  |p 269534  |r 2017-08-12  |v 100.00  |w 2017-08-12  |y GEN 
952 |0 0  |1 0  |4 0  |6 O_413N54B_32_000000000000000_POKRP01  |7 0  |9 195339  |a LIB  |b LIB  |d 2013-03-25  |e Mathrubhumi Books  |o O41,3N54,B 32 PO(KR)-P0;1  |p 269535  |r 2017-08-12  |v 100.00  |w 2017-08-12  |y GEN